| 000 | 01451cam a2200349 a 4500 | ||
|---|---|---|---|
| 001 | 2140823 | ||
| 003 | OSt | ||
| 005 | 20240620123606.0 | ||
| 008 | 980406s1999 enka b 001 0 eng | ||
| 010 | _a 98007169 | ||
| 020 | _a0521551897 (hbk.) | ||
| 040 |
_aMUST LIB _cMUST _dMUST |
||
| 050 | 0 | 0 |
_aQC611.98.C64 _bL96 1999 |
| 082 | 0 | 0 |
_a537.6 _221 _bLYN |
| 100 | 1 |
_aLynch, David W. _917528 |
|
| 245 | 1 | 0 |
_aPhotoemission studies of high-temperature superconductors / _cDavid W. Lynch and Clifford G. Olson. |
| 260 |
_aCambridge ; _aNew York : _bCambridge University Press, _c1999. |
||
| 300 |
_axi, 432 p. : _bill. ; _c25 cm. |
||
| 440 | 0 |
_aCambridge studies in low temperature physics ; _v5 _914061 |
|
| 504 | _aIncludes bibliographical references (p. 405-428) and index. | ||
| 650 | 0 |
_aCopper oxide superconductors. _917529 |
|
| 650 | 0 |
_aHigh temperature superconductors. _917530 |
|
| 650 | 0 |
_aPhotoemission. _917531 |
|
| 650 | 0 |
_aPhotoelectron spectroscopy. _917532 |
|
| 700 | 1 |
_aOlson, Clifford G., _d1942- _917533 |
|
| 856 | 4 | 2 |
_3Publisher description _uhttp://www.loc.gov/catdir/description/cam029/98007169.html |
| 856 | 4 | 1 |
_3Table of contents _uhttp://www.loc.gov/catdir/toc/cam022/98007169.html |
| 906 |
_a7 _bcbc _corignew _d1 _eocip _f19 _gy-gencatlg |
||
| 942 |
_2ddc _cO_SHELF |
||
| 999 |
_c8669 _d8669 |
||